Disney Movies Starring Animals - Statistics

General Stats
  • This quiz has been taken 269 times
    152 since last reset
  • The average score is 23 of 45
Answer Stats
Year Movie Animal % Correct
1942 Bambi Deer/Skunk/Rabbit+others
90%
1941 Dumbo Elephant/Mouse+others
89%
1994 The Lion King Lion+others
83%
2007 Ratatouille Rat
79%
1967 The Jungle Book Bear/Tiger+others
78%
2003 Finding Nemo Fish
74%
1940 Pinocchio Cricket+others
74%
1998 A Bug's Life Ant+others
73%
2009 The Princess and the Frog Frog+others*
69%
2003 Brother Bear Bear
68%
1970 The Aristocats Cat
68%
2016 Finding Dory Fish
64%
2015 The Good Dinosaur Dinosaur
64%
2005 Chicken Little Chicken
63%
2016 Zootopia Rabbit/Fox+others
61%
2000 The Emperor's New Groove Llama*
60%
2000 Dinosaur Dinosaur
58%
1955 Lady and the Tramp Dog
58%
2022 Turning Red Red Panda*
58%
1940 Fantasia N/A
55%
1961 One-Hundred and One Dalmatians Dog
54%
1989 The Little Mermaid Sea Monster*
54%
2008 Bolt Dog
53%
1981 The Fox and the Hound Dog+others
50%
2002 Lilo and Stitch Alien
49%
1986 The Great Mouse Detective Mouse/Rat
48%
1977 The Rescuers Mouse
46%
1973 Robin Hood Fox/Bear/Lion+others
45%
2004 Home on the Range Cow/Horse+others
43%
2021 Raya and the Last Dragon Dragon*
43%
1988 Oliver and Company Cat/Dog
41%
1977 The Many Adventures of Winnie the Pooh Bear+others
40%
2011 Winnie the Pooh Bear+others
40%
2009 Up Dog
36%
2025 Zootopia 2 Rabbit/Fox+others
36%
1949 The Adventures of Ichabod and Mr. Toad Toad+others
35%
1990 The Rescuers Down Under Mouse
34%
2021 Luca Sea Monster*
31%
2000 Fantasia 2000 N/A
29%
2025 Elio Alien Creature
20%
1946 Make Mine Music N/A
19%
1945 The Three Caballeros Bird
19%
1947 Fun and Fancy Free N/A
15%
1948 Melody Time N/A
15%
1943 Saludos Amigos N/A
14%
No matching quizzes found
Score Distribution
Percent of People with Each Score
Percentile by Number Answered
Your Score History
You have not taken this quiz since the last reset